00480nam a22001577a 4500003000200000005001700002008004100019020002200060050002200082100002700104245005800131260004300189300002800232504004200260650002000302020231204100211.0231204b xxu||||| |||| 00| 0 eng d a978-621-406-323-9 aTX 661b.L34 2023 aLago, Elpedia M. Marte aIntroduction to culinary artsc Elpedia M. Marte Lago aManilabMindshapers Co., Inc. cc2023. ax,361 pages ; c26 cm.  aIncludes bibliographical references.  aCulinary arts.